College Quizbowl Stats
College Quizbowl Stats
Circuits
Seasons
Sets
Records
Detailed Stats
About
Loading...
2023 BHSU @ Northwestern
Tossups
Bonuses
Players
Teams
Categories (Tossup)
Categories (Bonus)
Conor Thompson
Michigan A
Categories
Category
Powers
Gets
Negs
BBs
Points
Earliest Buzz
Avg. Buzz
First Buzzes
Top 3 Buzzes
BPA
PVF
MB
1
9
0
5
105
60
116.30
1
4
0.00
0.00
BB
0
8
1
3
75
88
108.88
0
5
0.00
0.00
TR
2
4
0
1
70
29
78.17
0
5
0.00
0.00
RR
2
4
0
3
70
56
102.67
1
3
0.00
0.00
AG
1
4
1
2
50
95
122.60
0
2
0.00
0.00
DM
0
2
1
1
15
121
125.00
0
1
0.00
0.00
AW
1
1
2
0
15
57
88.00
0
1
0.00
0.00
RC
0
1
0
1
10
142
142.00
0
1
0.00
0.00
AW>
0
1
0
0
10
92
92.00
0
0
0.00
0.00
Buzzes
Category
Answer
Value
Buzz Position
TR
Federal Election Commission
15
29
TR
beaches
15
36
RR
baseball
15
56
AW
juggling
15
57
MB
cats
15
60
AG
infallibility
-5
67
TR
Iran
10
71
RR
Lagos
15
78
AW
Saturn
-5
79
MB
Modern Greek
10
79
Previous
1
2
3
4
5
6
Next